000 00703nam a2200193 i 4500
001 68349
003 ES-MaACL
005 20250813063308.0
007 t|
008 931025s1882 sp ||||1| spa d
100 1 _aGarcía Ayuso, Francisco,
_d1835-1897
_954202
245 1 0 _aGramática alemana
_b: método teórico-práctico con un catecismo gramatical en alemán para aprender á hablar este idioma /
_cpor F.G. Ayuso.
260 _aMadrid :
_bAcademia de Lenguas,
_c1882 (
_fImp. G. Hernando)
300 _aVIII, 320 p. ;
_c21 cm.
650 0 4 _aLengua alemana-
_xGramática.
_914085
650 0 4 _aLengua alemana-
_vMétodos.
_914086
852 _aES-MaACL
_jB-3072
999 _c68349
_d68349